| 000 | 01122nam a2200217 i 4500 | ||
|---|---|---|---|
| 001 | 47608 | ||
| 003 | ES-MaACL | ||
| 005 | 20260104152848.0 | ||
| 007 | t| | ||
| 008 | 030507s1985 sp |||| | spa d | ||
| 080 | _a371.3:681.31]:061.3(460)"1984" | ||
| 111 | 0 |
_aJornadas de Informática y Educación en Euskadi _d(1984) _9803 |
|
| 245 | 1 | 0 |
_aJornadas de Informática y Educación en Euskadi / _c[organizada por el] I.C.E., Universidad del País Vasco ; patrocinado por la Conserjería de Educación del Gobierno Vasco = Euskadiko informatika eta hezkuntz ihardunaldiak / HE-Z.1. Euskal Herriko Unibertsitatea ; Eusko Jaurlaritzako Hezkuntza Sailak babestua, 1984. |
| 260 |
_aBilbao : _bServicio Editorial, Universidad del País Vasco, _c1985. |
||
| 300 |
_a428 p. ; _c30 cm. |
||
| 650 | 4 |
_aEnseñanza asistida por ordenador- _vCongresos y asambleas. _912301 |
|
| 710 | 2 |
_aUniversidad del País Vasco. _bInstituto de Ciencias de la Educación _97368 |
|
| 710 | 1 |
_aPaís Vasco. _bConsejería de Educación. _96088 |
|
| 852 |
_aES-MaACL _jG-535 _z. - Donat. Ernesto García Camarero |
||
| 999 |
_c47608 _d47608 |
||